Click Quiz: Match German Cities to States - Statistics

General Stats
  • This quiz has been taken 21 times
  • The average score is 13 of 16
Answer Stats
Hint Answer % Correct
Bremerhaven Bremen
100%
Cologne North Rhine-Westphalia
100%
Nuremberg Bavaria
95%
Frankfurt Hesse
90%
Saarbrucken Saarland
90%
Kiel Schleswig-Holstein
85%
Hanover Lower Saxony
80%
Freiburg Baden-Württemberg
75%
Spandau Berlin
75%
Potsdam Brandenburg
75%
Dresden Saxony
75%
Mainz Rhineland-Palatinate
70%
Erfurt Thuringia
70%
St. Pauli Hamburg
65%
Schwerin Mecklenburg-Vorpommern
60%
Magdeburg Saxony-Anhalt
55%
No matching quizzes found
Score Distribution
Percent of People with Each Score
Percentile by Number Answered
Your Score History
You have not taken this quiz